MARC

LEADER 00000nam0a2200000 4500
001 81694
005 20231031095248.0
035 |a (RuTPU)RU\TPU\book\87803 
090 |a 81694 
100 |a 20050922d1971 m y0rusy50 ca 
101 0 |a rus 
102 |a RU 
105 |a a z 001zy 
200 1 |a Высокотемпературный пиролиз углеводородов  |f Н. Л. Барабанов  |g Министерство нефтеперерабатывающей и нефтехимической промышленности 
210 |a Москва  |c ЦНИИТЭнефтехим  |d 1971 
215 |a 71 с.  |c ил. 
225 1 |a Нефтехимия и сланцепереработка 
320 |a Библиогр.: с. 65-69 
610 1 |a углеводороды 
610 1 |a нефтяные углеводороды 
610 1 |a пиролиз 
675 |a 665.53  |v 3 
700 1 |a Барабанов  |b Н. Л. 
712 0 2 |a Министерство нефтеперерабатывающей и нефтехимической промышленности 
801 1 |a RU  |b 63413507  |c 20050922  |g PSBO 
801 2 |a RU  |b 63413507  |c 20060411  |g PSBO 
942 |c BK